[Event "Wch Seniors 65 24th"]
[Site "Katerini"]
[Date "2014.11.01"]
[Round "8"]
[White "Belokopyt, Boris Khaimovich"]
[Black "Kronlaks, Olafs"]
[Result "1/2-1/2"]
[WhiteElo "1940"]
[BlackElo "1836"]
[PlyCount "78"]
[EventDate "2014.10.24"]
[EventType "swiss"]
[EventRounds "11"]
[EventCountry "GRE"]
[SourceTitle "EXT 2015"]
[Source "ChessBase"]
[SourceDate "2014.11.20"]
[SourceVersion "1"]
[SourceVersionDate "2014.11.20"]
[SourceQuality "1"]

1. e4 e6 2. d3 d5 3. Nd2 Nf6 4. Ngf3 g6 5. g3 Bg7 6. Bg2 0-0 7. 0-0 c5 8. c3 Nc6 9. e5 Nd7 10. d4 b6 11. Re1 Ba6 12. b3 cxd4 13. cxd4 Re8 14. Ba3 f6 15. Rc1 Rc8 16. Bd6 fxe5 17. dxe5 Nc5 18. Bxc5 bxc5 19. Rxc5 Nxe5 20. Rxc8 Nxf3+ 21. Nxf3 Bxc8 22. Ne5 Qc7 23. f4 Qc3 24. Qc1 Qd4+ 25. Qe3 Qxe3+ 26. Rxe3 Ba6 27. Rc3 Rc8 28. Rxc8+ Bxc8 29. Bh3 Kf8 30. Kf2 Ke7 31. Ke3 Kd6 32. Kd4 g5 33. Bf1 gxf4 34. gxf4 a5 35. Bd3 h6 36. a3 Bb7 37. b4 axb4 38. axb4 Bf6 39. h3 Bg7 1/2-1/2

[Event "Wch Seniors 65 24th"]
[Site "Katerini"]
[Date "2014.10.29"]
[Round "6"]
[White "Bibilashvili, Giorgi"]
[Black "Kronlaks, Olafs"]
[Result "1-0"]
[WhiteElo "2169"]
[BlackElo "1836"]
[PlyCount "67"]
[EventDate "2014.10.24"]
[EventType "swiss"]
[EventRounds "11"]
[EventCountry "GRE"]
[SourceTitle "EXT 2015"]
[Source "ChessBase"]
[SourceDate "2014.11.20"]
[SourceVersion "1"]
[SourceVersionDate "2014.11.20"]
[SourceQuality "1"]

1. d4 e6 2. c4 Nf6 3. Nc3 Bb4 4. Bd2 0-0 5. Nf3 d5 6. e3 c5 7. a3 cxd4 8. exd4 Be7 9. c5 Nc6 10. b4 a6 11. Bd3 b6 12. 0-0 bxc5 13. bxc5 Qc7 14. Bg5 h6 15. Bh4 Nh5 16. Bxe7 Qxe7 17. Bc2 Nf6 18. Re1 Qc7 19. Rb1 Na5 20. Qd3 Nc4 21. Ne5 Nxa3 22. Nxd5 exd5 23. Qxa3 Rb8 24. Rxb8 Qxb8 25. Rb1 Qc7 26. f3 Nd7 27. Qd3 f5 28. f4 Rf6 29. Qb3 Nxe5 30. fxe5 Rg6 31. Qxd5+ Be6 32. Qa8+ Kh7 33. Qf3 Qd7 34. d5 1-0

[Event "Wch Seniors 65 24th"]
[Site "Katerini"]
[Date "2014.10.27"]
[Round "4"]
[White "Davydov, Mihail"]
[Black "Kronlaks, Olafs"]
[Result "0-1"]
[WhiteElo "2076"]
[BlackElo "1836"]
[PlyCount "62"]
[EventDate "2014.10.24"]
[EventType "swiss"]
[EventRounds "11"]
[EventCountry "GRE"]
[SourceTitle "EXT 2015"]
[Source "ChessBase"]
[SourceDate "2014.11.20"]
[SourceVersion "1"]
[SourceVersionDate "2014.11.20"]
[SourceQuality "1"]

1. e4 e6 2. d4 d5 3. e5 c5 4. c3 Qb6 5. Nf3 Bd7 6. a3 Bb5 7. Bxb5+ Qxb5 8. Qe2 Qb6 9. 0-0 Nc6 10. Be3 cxd4 11. cxd4 Nge7 12. b4 Nf5 13. Nc3 Be7 14. Na4 Qd8 15. Rac1 0-0 16. Rc3 Qd7 17. Nc5 Bxc5 18. Rxc5 Rfc8 19. Rfc1 Nce7 20. g3 Rxc5 21. Rxc5 Rc8 22. Qc2 h6 23. Bd2 Rxc5 24. Qxc5 Nc8 25. a4 Nb6 26. a5 Nc4 27. Qxa7 Qa4 28. Be1 Qd1 29. Kg2 Qe2 30. Nh4 Nce3+ 31. Kh3 Qg4# 0-1

[Event "Wch Seniors 65 24th"]
[Site "Katerini"]
[Date "2014.10.24"]
[Round "1"]
[White "Kronlaks, Olafs"]
[Black "Kratschmer, Heinz"]
[Result "1-0"]
[WhiteElo "1836"]
[BlackElo "2109"]
[PlyCount "51"]
[EventDate "2014.10.24"]
[EventType "swiss"]
[EventRounds "11"]
[EventCountry "GRE"]
[SourceTitle "EXT 2015"]
[Source "ChessBase"]
[SourceDate "2014.11.20"]
[SourceVersion "1"]
[SourceVersionDate "2014.11.20"]
[SourceQuality "1"]

1. e4 c5 2. Nf3 g6 3. d4 cxd4 4. Nxd4 Nc6 5. Nxc6 bxc6 6. Qd4 Nf6 7. e5 Nd5 8. e6 f6 9. exd7+ Bxd7 10. Bc4 e5 11. Qd2 Be6 12. c3 Bc5 13. 0-0 Kf7 14. Qe2 Qe7 15. Kh1 Rhe8 16. f4 exf4 17. Bxf4 Nxf4 18. Rxf4 Rad8 19. Nd2 Qd6 20. Rxf6+ Kg7 21. Ne4 Bxc4 22. Qxc4 Rxe4 23. Qf7+ Kh8 24. Rxd6 Bxd6 25. Qf6+ Kg8 26. Qxd8+ 1-0